000
00273nam a2200121Ia 4500
008
230303s9999 xx 000 0 und d
041
_a
eng
082
_a
808.887 RAN
100
_a
RAND (AYM)
245
_a
We the Living
260
_a
NEW YORK
_b
Signet books
365
_c
RS
999
_c
179144
_d
179144